000 00494nam a2200181 i 4500
001 bg
100 1 _aKELAR, Krystyna
245 0 _aModyfikacja polimerów /
_cKelar Kelar ; Politechnika Poznańska.
260 _aPoznań :
_bWydaw. PP,
_c1992.
300 _a60 s. :
_bwykr. ;
_c24 cm.
504 _aBibliogr. s. 59-60.
710 _aPOLITECHNIKA POZNAŃSKA (Poznań)
040 _cBPK
041 _apol
080 _a678.7(075.8)
942 _cKS
008 s pl f |000 0 pol
999 _c6383
_d6383
856 _uhttp://koha.tu.koszalin.pl/cgi-bin/koha/opac-detail.pl?biblionumber=6383
_yKatalog online BPK